Autonomía y financiación de las haciendas municipales / Leandro Amargós Torruella ... [et al.] ; introducción de César Albiñana García-Quintana
Descripción Física:
542 p., XIV p. en un quadernet ; 24 cm
Colección:
Estudios de Hacienda Pública
MARC
| LEADER | 00000nam a2200000Ia 4500 | ||
|---|---|---|---|
| 001 | 10556 | ||
| 008 | 160829s1982 xx 000 0 cat d | ||
| 080 | |a M-2-60 | ||
| 245 | |a Autonomía y financiación de las haciendas municipales / Leandro Amargós Torruella ... [et al.] ; introducción de César Albiñana García-Quintana | ||
| 260 | |a Madrid : |b Ministerio de Hacienda, Instituto de Estudios Fiscales, |c 1982 | ||
| 300 | |a 542 p., XIV p. en un quadernet ; |c 24 cm | ||
| 490 | |a Estudios de Hacienda Pública | ||
| 650 | |a Finances locals |x Espanya |x Comunitats autònomes |9 26141 | ||
| 700 | |a Amargós Torruella, Leandre |9 26142 | ||
| 700 | |a Albiñana García-Quintana, César |9 22287 | ||
| 901 | |a Arxiu | ||
| 942 | |n 1 | ||
| 952 | |0 0 |1 0 |4 0 |6 M260 |7 1 |9 43895 |a Arxiu |b Arxiu |d 2016-12-01 |l 0 |o M-2-60 |p 10556 |r 2016-12-01 00:00:00 |w 2016-12-01 |y ARXIU | ||
| 999 | |c 46475 |d 46475 | ||